000 00260nam a2200109Ia 4500
008 190216s9999||||xx |||||||||||||| ||und||
100 _aJamal Muhammed T
245 0 _aIndiayude Bhoomishashthram
260 _bBhasha Institute
650 _aHistory
942 _cBK
999 _c38799
_d38799